000 00290nam a2200109Ia 4500
008 241105s9999 xx 000 0 und d
041 _aeng
100 _aPatil Manasi.
_9208861
245 _aPiligrimage Centre At Prakhsha.
260 _bBNCA, Pune
_c2018
700 _a Nagarkar Geeta
_9182489
999 _c361596
_d361596